Bhagavadgeeta as it is (Record no. 172442)
[ view plain ]
| 000 -LEADER | |
|---|---|
| fixed length control field | 00344nam a2200121Ia 4500 |
| 008 - FIXED-LENGTH DATA ELEMENTS--GENERAL INFORMATION | |
| fixed length control field | 220217s9999||||xx |||||||||||||| ||und|| |
| 082 ## - DEWEY DECIMAL CLASSIFICATION NUMBER | |
| Classification number | 894.814 1 PRA |
| 100 ## - MAIN ENTRY--PERSONAL NAME | |
| Personal name | Prabhupada, Bakthivedanta Swamy |
| 9 (RLIN) | 3721 |
| 245 #0 - TITLE STATEMENT | |
| Title | Bhagavadgeeta as it is |
| 260 ## - PUBLICATION, DISTRIBUTION, ETC. | |
| Place of publication, distribution, etc. | Bakthivedanta book trust |
| Name of publisher, distributor, etc. | Mumbai |
| Date of publication, distribution, etc. | 1986 |
| 300 ## - PHYSICAL DESCRIPTION | |
| Other physical details | 150 |
| 650 ## - SUBJECT ADDED ENTRY--TOPICAL TERM | |
| Topical term or geographic name entry element | GENERAL BOOKS |
| Withdrawn status | Lost status | Damaged status | Not for loan | Collection code | Home library | Current library | Date acquired | Total Checkouts | Total Renewals | Full call number | Barcode | Date due | Date last seen | Date last checked out | Price effective from | Koha item type |
|---|---|---|---|---|---|---|---|---|---|---|---|---|---|---|---|---|
| Humanity Science | Central Library | Central Library | 02/18/2022 | 4 | 1 | 894.814 1 PRA | 7631 | 01/19/2023 | 01/04/2023 | 01/04/2023 | 02/18/2022 | Books |